000
00301nam a22001337a 4500
020
_q
PB.
040
_c
FIZZA ISHAQ
082
_a
333.91
_b
J.A.A
100
_a
JONES,A.A.J.
_9
89147
245
_a
WATER SUSTAINABILITY /
_c
J.A.A.JONES.
260
_a
ITLY
_c
2010.
300
_a
452 P. ;
942
_2
ddc
_c
BK
999
_c
587967
_d
587967